Musicals By Their Iconic Songs - Statistics

General Stats
  • This quiz has been taken 297 times
  • The average score is 12 of 15
Answer Stats
Hint Answer % Correct
Defying Gravity, Popular, For Good Wicked
98%
Dancing Queen, Lay All Your Love On Me, The Winner Takes It All Mamma Mia!
97%
Satisfied, My Shot, Wait for It Hamilton
95%
Dead Girl Walking, Candy Store, 17 Heathers: The Musical
89%
Naughty, Revolting Children, Miracle Matilda: The Musical
86%
Summer Nights, ______d Lighnin, You're The One I Want Grease
84%
World Burn, Apex Predator, Stop Mean Girls
80%
Suddenly Seymour, Dentist!, Ya Never Know Little Shop of Horrors
78%
Waving Through a Window, Only Us, For Forever Dear Evan Hansen
76%
Wait For Me, Road to Hell, Way Down _______ Hadestown
75%
No Way, Heart of Stone, All You Wanna Do SIX: The Musical
73%
The World Will Know, Santa Fe, Watch What Happens Newsies
66%
Seasons of Love, Light My Candle, Take Me or Leave Me RENT
66%
Maria, Tonight, Dear Officer Krupke West Side Story
66%
Blackout, 96000, No Me Diga In The Heights
56%
No matching quizzes found
Score Distribution
Percent of People with Each Score
Percentile by Number Answered
Your Score History
You have not taken this quiz